MARC details
| 000 -LEADER |
| campo de control de longitud fija |
01579nkc a22002657a 4500 |
| 001 - NÚMERO DE CONTROL |
| campo de control |
85798 |
| 005 - FECHA Y HORA DE LA ÚLTIMA TRANSACCIÓN |
| campo de control |
20260417141025.0 |
| 007 - CAMPO FIJO DE DESCRIPCIÓN FÍSICA--INFORMACIÓN GENERAL |
| campo de control de longitud fija |
kh boc |
| 008 - DATOS DE LONGITUD FIJA--INFORMACIÓN GENERAL |
| campo de control de longitud fija |
260414s1867 sp ||||| |||| |0| i|spa d |
| 040 ## - FUENTE DE CATALOGACIÓN |
| Centro catalogador/agencia de origen |
M-RABA |
| Lengua de catalogación |
spa |
| Centro/agencia transcriptor |
M-RABA |
| 245 01 - MENCIÓN DEL TÍTULO |
| Título |
[Monasterio de Ripoll |
| Resto del título |
: vistas de la portada y del claustro] |
| Medio |
[Material gráfico] |
| 260 ## - PUBLICACIÓN, DISTRIBUCIÓN, ETC. |
| Fecha de publicación, distribución, etc. |
[ca. 1885] |
| 300 ## - DESCRIPCIÓN FÍSICA |
| Extensión |
2 fotografías |
| Otras características físicas |
: albúmina |
| Dimensiones |
; imagen 16,5 x 22 cm |
| -- |
; soporte secundario 24,5 x 33 cm |
| 500 00 - NOTA GENERAL |
| Nota general |
Conjunto de 2 fotografías del Monasterio de Santa María de Ripoll (Gerona, Cataluña) que representan la portada monumental de la Iglesia y una vista del claustro. |
| 500 00 - NOTA GENERAL |
| Nota general |
Las fotografías pueden pertenecer a la última fase de restauración del monasterio, iniciada a partir de 1885, cuando se consiguió la cesión completa de la iglesia y del claustro. |
| 500 00 - NOTA GENERAL |
| Nota general |
Fechas tomadas de las ampliaciones comenzadas en 1867. |
| 588 ## - NOTA DE FUENTE DE LA DESCRIPCIÓN |
| Nota de fuente de la descripción |
Fecha probable tomada de las informaciones sobre las restauraciones. (https://www.monestirderipoll.cat/) |
| 610 27 - PUNTO DE ACCESO ADICIONAL DE MATERIA--NOMBRE DE ENTIDAD CORPORATIVA |
| Nombre de entidad corporativa o nombre de jurisdicción como elemento de entrada |
Monasterio de Santa María de Ripoll (Gerona, España) |
| 9 (RLIN) |
6240 |
| 651 #7 - PUNTO DE ACCESO ADICIONAL DE MATERIA--NOMBRE GEOGRÁFICO |
| Nombre geográfico |
Ripoll (Gerona, España) |
| 9 (RLIN) |
40083 |
| 655 #0 - TERMINO DE INDIZACIÓN--GENERO/FORMA |
| Datos o término principal de género/forma |
Fotografías de monumentos |
| 9 (RLIN) |
111580 |
| 852 ## - LOCALIZACIÓN |
| Número de control de estantería |
Fot-637; Fot-638 |
| 856 ## - LOCALIZACIÓN Y ACCESO ELECTRÓNICOS |
| Identificador Uniforme de Recurso |
<a href="https://archivoybiblioteca.realacademiabellasartessanfernando.com/cgi-bin/koha/opac-retrieve-file.pl?id=01cfa45809f9acc22a3925eeefc8af94">https://archivoybiblioteca.realacademiabellasartessanfernando.com/cgi-bin/koha/opac-retrieve-file.pl?id=01cfa45809f9acc22a3925eeefc8af94</a> |
| Texto de enlace |
Fot-637 |
| 856 ## - LOCALIZACIÓN Y ACCESO ELECTRÓNICOS |
| Identificador Uniforme de Recurso |
<a href="https://archivoybiblioteca.realacademiabellasartessanfernando.com/cgi-bin/koha/opac-retrieve-file.pl?id=8689b2e87863a81531adfee0cf3b2d70">https://archivoybiblioteca.realacademiabellasartessanfernando.com/cgi-bin/koha/opac-retrieve-file.pl?id=8689b2e87863a81531adfee0cf3b2d70</a> |
| Texto de enlace |
Fot-638 |
| 942 ## - ELEMENTOS DE ENTRADA SECUNDARIOS (KOHA) |
| Tipo de ítem Koha |
Fotografías |
| Suprimir en OPAC |
No |